000
00301nam a22001337a 4500
008
171208b xxu||||| |||| 00| 0 eng d
020
_a
0139355936
041
_a
eng
080
_a
6214
100
_a
27
101
_a
INXH
245
_a
ELECTRICAL ENGINEERING SERIES
_c
SCHWEPPE, F.C
942
_2
udc
_c
BK
999
_c
38840
_d
38840